Nobel prize winners by each year - Statistics

General Stats
  • This quiz has been taken 18 times
  • The average score is 57 of 96
Answer Stats
Hint Country Answer % Correct
2012 USA Alvin E. Roth
100%
2015 UK/USA Angus Deaton
100%
2010 Cyprus/UK Christopher A. Pissarides
100%
2011 USA Christopher A. Sims
100%
2023 USA Claudia Goldin
100%
2010 USA Dale T. Mortensen
100%
2022 USA Douglas Diamond
100%
2006 USA Edmund Phelps
100%
2004 USA Edward C. Prescott
100%
2009 USA Elinor Ostrom
100%
2007 USA Eric Maskin
100%
2013 USA Eugene Fama
100%
2004 Norway Finn E. Kydland
100%
2014 France Jean Tirole
100%
2013 USA Lars peter Hansen
100%
2007 Poland/USA Leonid Hurwicz
100%
2012 USA Lloyd Shapley
100%
2009 USA Oliver E. Williamson
100%
2008 USA Paul Krugman
100%
2010 USA Peter Diamond
100%
2017 USA Richard Thaler
100%
2005 Israel/USA Robert Aumann
100%
2013 USA Robert J. Shiller
100%
2007 USA Roger Myerson
100%
2011 USA Thomas J. Sargent
100%
2005 USA Thomas Schelling
100%
2019 USA Abhijit Banerjee
50%
1998 India Amartya Sen
50%
2022 USA Ben Bernanke
50%
2016 Finland Bengt Holmström
50%
1977 Sweden Bertil Ohlin
50%
2003 UK Clive Granger
50%
2002 Israel/USA Daniel Kahneman
50%
2021 Canada/USA David Card
50%
1993 USA Douglass North
50%
2019 France/USA Esther Duflo
50%
1985 Italy Franco Modigliani
50%
1974 Austria/UK Friedrich Hayek
50%
1992 USA Gary Becker
50%
2001 USA George Akerlof
50%
1982 USA George Stigler
50%
1983 France Gérard Debreu
50%
1974 Sweden Gunnar Myrdal
50%
1990 USA Harry Markowitz
50%
1978 USA Herbert A. Simon
50%
1986 USA James M. Buchanan
50%
1977 UK James Meade
50%
1996 UK James Mirrlees
50%
1981 USA James Tobin
50%
1969 Netherlands Jan Tinbergen
50%
1994 USA John Forbes Nash Jr.
50%
1994 Hungary John Harsanyi
50%
2001 USA Joseph Stiglitz
50%
1972 USA Kenneth Arrow
50%
1980 USA Lawrence Klein
50%
1975 Soviet Union Leonid Kantorovich
50%
1988 France Maurice Allais
50%
1990 USA Merton Miller
50%
2019 USA Michael Kremer
50%
2001 USA Michael Spence
50%
1976 USA Milton Friedman
50%
1997 Canada/USA Myron Scholes
50%
2016 UK/USA Oliver Hart
50%
2020 USA Paul Milgrom
50%
2018 USA Paul Romer
50%
1970 USA Paul Samuelson
50%
2022 USA Philip H. Dybvig
50%
1969 Norway Ragnar Frisch
50%
1994 Germany Reinhard Selten
50%
1984 UK Richard Stone
50%
2020 USA Robert B. Wilson
50%
1997 USA Robert C. Merton
50%
2003 USA Robert F. Engle
50%
1993 USA Robert Fogel
50%
1999 Canada Robert Mundell
50%
1987 USA Robert Solow
50%
1991 UK Ronald Coase
50%
1971 USA Simon Kuznets
50%
1979 USA Theodore Schultz
50%
1975 Netherlands/USA Tjalling Koopmans
50%
1989 Norway Trygve Haavelmo
50%
2002 USA Vernon L. Smith
50%
1979 Saint Lucia/UK W. Arthur Lewis
50%
1973 Soviet Union/USA Wassily Leontief
50%
1990 USA William F. Sharpe
50%
2018 USA William Nordhaus
50%
1996 Canada/USA William Vickrey
50%
2000 USA Daniel McFadden
0%
2024 Turkey/USA Daron Acemoglu
0%
2021 Netherlands/USA Guido Imbens
0%
2024 UK/USA James A. Robinson
0%
2000 USA James Heckman
0%
1972 UK John Hicks
0%
2021 Israel/USA Joshua Angrist
0%
1995 USA Robert Lucas, Jr.
0%
2024 UK/USA Simon Johnson
0%
No matching quizzes found
Score Distribution
Percent of People with Each Score
Percentile by Number Answered
Your Score History
You have not taken this quiz